00583 2200193 4500001002100000005001500021035002000036007000300056008004100059020001800100082001000118084001600128100002000144245009300164250002600257260003800283300004300321650002500364INLIS00000000000385720251009112919 a0010-1025000133ta251009 g 0 ind  a979-24-5612-0 a925.3 a925.3 IRW a0 aIrwan Kurniawan1 aArchimedes dan Berat Jenis /cIrwan Kurniawan (Penulis); Agus Salim & Sudarsini (Editor) aCetakan IV, Juli 2022 aBandung :bNuansa Cendikia,c2022 a44 Halaman :bIlustrasi; teks ;c21 cm 4aBiografi Ahli Fisika